| 000 | 00715nac a22002291i 4500 | ||
|---|---|---|---|
| 003 | EG-ScBUE | ||
| 005 | 20240807122720.0 | ||
| 008 | 240807s1996 enkabe f 001 0 eng d | ||
| 020 | _a0723008108 | ||
| 040 |
_aEG-ScBUE _beng _erda _cEG-ScBUE _dEG-ScBUE |
||
| 082 | 0 | 4 |
_a930.120 _bPAS _222 |
| 245 | 0 | 0 |
_aPast worlds : _bthe Times atlas of archaeology. |
| 264 | 1 |
_aLondon : _bTimes Books, _c1996. |
|
| 300 |
_a319 pages : _billustrations (some color), color maps, plans (some color) ; _c37 cm |
||
| 336 |
_2rdacontent _atext _btxt |
||
| 337 |
_aunmediated _2rdamedia _bn |
||
| 338 |
_avolume _bnc _2rdacarrier |
||
| 500 | _aIncludes index. | ||
| 650 | 7 |
_aArchaeology. _2BUEsh |
|
| 655 | _vReading book | ||
| 942 |
_cNB _2ddc |
||
| 999 |
_c8548 _d8548 |
||